<?xml version="1.0" encoding="UTF-8"?>
<record
    xmlns:xsi="http://www.w3.org/2001/XMLSchema-instance"
    xsi:schemaLocation="http://www.loc.gov/MARC21/slim http://www.loc.gov/standards/marcxml/schema/MARC21slim.xsd"
    xmlns="http://www.loc.gov/MARC21/slim">

  <leader>01035nam a2200241 a 4500</leader>
  <controlfield tag="001">58883</controlfield>
  <controlfield tag="003">BD-RjUL</controlfield>
  <controlfield tag="005">20211209080652.0</controlfield>
  <controlfield tag="008">161220s1977    bg ||||| |||| 00| 0 ben d</controlfield>
  <datafield tag="035" ind1=" " ind2=" ">
    <subfield code="a">(BD-RjUL)59007</subfield>
  </datafield>
  <datafield tag="040" ind1=" " ind2=" ">
    <subfield code="a">BD-RjUL</subfield>
    <subfield code="b">ben</subfield>
    <subfield code="c">BD-RjUL</subfield>
  </datafield>
  <datafield tag="041" ind1=" " ind2=" ">
    <subfield code="a">ben</subfield>
  </datafield>
  <datafield tag="082" ind1=" " ind2=" ">
    <subfield code="2">23</subfield>
    <subfield code="a">781.620954927</subfield>
    <subfield code="b">HAS 1977</subfield>
  </datafield>
  <datafield tag="245" ind1="1" ind2="0">
    <subfield code="a">&#x9B9;&#x9BE;&#x99B;&#x9A8; &#x9B0;&#x9BE;&#x99C;&#x9BE;&#x9B0; &#x997;&#x9BE;&#x9A8; &#x993; &#x9B8;&#x9BF;&#x9B2;&#x9C7;&#x99F;&#x9C7;&#x9B0; &#x9B2;&#x9CB;&#x995;-&#x9B8;&#x982;&#x997;&#x9C0;&#x9A4; /</subfield>
    <subfield code="c">&#x9B8;&#x982;&#x997;&#x9CD;&#x9B0;&#x9B9; &#x993; &#x9B8;&#x9CD;&#x9AC;&#x9B0;&#x9B2;&#x9BF;&#x9AA;&#x9BF; &#x995;&#x9BE;&#x99C;&#x9C0; &#x9A8;&#x9BE;&#x9B8;&#x9BF;&#x9B0; </subfield>
  </datafield>
  <datafield tag="260" ind1=" " ind2=" ">
    <subfield code="a">&#x9A2;&#x9BE;&#x995;&#x9BE; :</subfield>
    <subfield code="b">&#x9B0;&#x9CB;&#x99C;&#x9C0; &#x99A;&#x9CC;&#x9A7;&#x9C1;&#x9B0;&#x9C0;,</subfield>
    <subfield code="c">&#x9E7;&#x9EF;&#x9ED;&#x9ED;</subfield>
  </datafield>
  <datafield tag="300" ind1=" " ind2=" ">
    <subfield code="a">&#x9ED;&#x9EC; &#x9AA;&#x9C3;. ;</subfield>
    <subfield code="c">&#x9E7;&#x9EF; &#x9B8;&#x9C7;&#x9AE;&#x9BF;.</subfield>
  </datafield>
  <datafield tag="490" ind1=" " ind2=" ">
    <subfield code="a">&#x9B2;&#x9CB;&#x995; &#x9B8;&#x982;&#x997;&#x9C0;&#x9A4; &#x9B8;&#x982;&#x9B0;&#x995;&#x9CD;&#x9B7;&#x9A3; &#x997;&#x9CD;&#x9B0;&#x9A8;&#x9CD;&#x9A5; ;</subfield>
    <subfield code="v">&#x9E7;</subfield>
  </datafield>
  <datafield tag="650" ind1=" " ind2=" ">
    <subfield code="a">&#x9B2;&#x9CB;&#x995; &#x9B8;&#x982;&#x997;&#x9C0;&#x9A4; </subfield>
    <subfield code="z">&#x9B8;&#x9BF;&#x9B2;&#x9C7;&#x99F;</subfield>
    <subfield code="9">175098</subfield>
  </datafield>
  <datafield tag="650" ind1=" " ind2=" ">
    <subfield code="a">Folk Music </subfield>
    <subfield code="z">Sylhet</subfield>
    <subfield code="9">175099</subfield>
  </datafield>
  <datafield tag="700" ind1=" " ind2=" ">
    <subfield code="a">&#x9A8;&#x9BE;&#x9B8;&#x9BF;&#x9B0; , &#x995;&#x9BE;&#x99C;&#x9C0;, &#x9B8;&#x982;&#x997;&#x9CD;&#x9B0;&#x9BE;&#x9B9;&#x995;</subfield>
    <subfield code="9">175100</subfield>
  </datafield>
  <datafield tag="830" ind1=" " ind2=" ">
    <subfield code="a">&#x9B2;&#x9CB;&#x995; &#x9B8;&#x982;&#x997;&#x9C0;&#x9A4; &#x9B8;&#x982;&#x9B0;&#x995;&#x9CD;&#x9B7;&#x9A3; &#x997;&#x9CD;&#x9B0;&#x9A8;&#x9CD;&#x9A5; ;</subfield>
    <subfield code="v">&#x9E7;</subfield>
    <subfield code="9">175101</subfield>
  </datafield>
  <datafield tag="942" ind1=" " ind2=" ">
    <subfield code="2">ddc</subfield>
    <subfield code="c">BK</subfield>
  </datafield>
  <datafield tag="999" ind1=" " ind2=" ">
    <subfield code="c">58883</subfield>
    <subfield code="d">58883</subfield>
  </datafield>
  <datafield tag="952" ind1=" " ind2=" ">
    <subfield code="0">0</subfield>
    <subfield code="1">0</subfield>
    <subfield code="2">ddc</subfield>
    <subfield code="4">0</subfield>
    <subfield code="7">1</subfield>
    <subfield code="8">NFIC</subfield>
    <subfield code="a">RUCL</subfield>
    <subfield code="b">RUCL</subfield>
    <subfield code="c">Reading</subfield>
    <subfield code="d">1977-03-15</subfield>
    <subfield code="e">Kazi Nasir </subfield>
    <subfield code="g">12.50</subfield>
    <subfield code="l">0</subfield>
    <subfield code="o">B 781.620954927 HAS 1977</subfield>
    <subfield code="r">2016-12-20 00:00:00</subfield>
    <subfield code="t">C-1</subfield>
    <subfield code="w">2016-12-20</subfield>
    <subfield code="y">BK</subfield>
  </datafield>
  <datafield tag="952" ind1=" " ind2=" ">
    <subfield code="0">0</subfield>
    <subfield code="1">0</subfield>
    <subfield code="2">ddc</subfield>
    <subfield code="4">0</subfield>
    <subfield code="7">0</subfield>
    <subfield code="8">NFIC</subfield>
    <subfield code="a">RUCL</subfield>
    <subfield code="b">RUCL</subfield>
    <subfield code="c">Stack</subfield>
    <subfield code="d">1977-03-15</subfield>
    <subfield code="e">Kazi Nasir. </subfield>
    <subfield code="g">12.50</subfield>
    <subfield code="l">1</subfield>
    <subfield code="o">B 781.620954927 HAS 1977</subfield>
    <subfield code="r">2023-07-20 00:00:00</subfield>
    <subfield code="s">2023-07-19</subfield>
    <subfield code="t">C-2</subfield>
    <subfield code="w">2021-12-09</subfield>
    <subfield code="y">BK</subfield>
  </datafield>
</record>
